Corruption in Urban Politics and Society, Britain 1780-1950 / (Record no. 14030)
[ view plain ]
| 000 -LEADER | |
|---|---|
| fixed length control field | 02361cam a2200325 a 4500 |
| 001 - CONTROL NUMBER | |
| control field | 14584335 |
| 005 - DATE AND TIME OF LATEST TRANSACTION | |
| control field | 20071120092642.0 |
| 008 - FIXED-LENGTH DATA ELEMENTS--GENERAL INFORMATION | |
| fixed length control field | 061005s2007 enk |rb 001 0 eng |
| 010 ## - LIBRARY OF CONGRESS CONTROL NUMBER | |
| LC control number | 2006032260 |
| 020 ## - INTERNATIONAL STANDARD BOOK NUMBER | |
| International Standard Book Number | 9780754637059 |
| 040 ## - CATALOGING SOURCE | |
| Original cataloging agency | DLC |
| Transcribing agency | DLC |
| Modifying agency | DLC |
| 043 ## - GEOGRAPHIC AREA CODE | |
| Geographic area code | e-uk--- |
| 050 00 - LIBRARY OF CONGRESS CALL NUMBER | |
| Classification number | JS3025 |
| Item number | .C67 2007 |
| 082 00 - DEWEY DECIMAL CLASSIFICATION NUMBER | |
| Classification number | 364.13230941 |
| Edition number | 22 |
| Item number | COR |
| 245 00 - TITLE STATEMENT | |
| Title | Corruption in Urban Politics and Society, Britain 1780-1950 / |
| Statement of responsibility, etc | Edited by James Moore and John Smith. |
| 260 ## - PUBLICATION, DISTRIBUTION, ETC. (IMPRINT) | |
| Place of publication, distribution, etc | Aldershot, Hampshire, England ; |
| -- | Burlington, VT : |
| Name of publisher, distributor, etc | Ashgate, 2007 |
| Date of publication, distribution, etc | c2007. |
| 300 ## - PHYSICAL DESCRIPTION | |
| Extent | viii, 181 p. ; |
| Dimensions | 24 cm. |
| 490 0# - Series Statement | |
| Series statement | Historical Urban Studies |
| -- | 14421 |
| 504 ## - BIBLIOGRAPHY, ETC. NOTE | |
| Bibliography, etc | Includes bibliographical references and index. |
| 505 0# - FORMATTED CONTENTS NOTE | |
| Formatted contents note | Corruption and urban governance -- Locating corruption: language and the respectable -- Corruption: a tentative overview / John Garrard -- Corrupt and corporate bodies: attitudes to corruption in eighteenth-century and early nineteenth-century towns / Rosemary Sweet -- Getting away with it?: corruption, scandal and the respectable 1830-1945 / Sarah Wilson -- Managing corruption: attitudes and ethics -- Corruption and scandal in the port of Liverpool / Adrian Jarvis -- Municipal corruption and political partisanship in Manchester / James Moore -- "Certified correct" : the great Wolverhampton Council fraud / John Smith -- "The dramas of local government: public service and personal ethics -- In Winifred Holtby's South Riding" / Clare Griffiths -- "Rotten boroughs: the crisis of urban policing and the decline in municipal independence, 1914-1964" / Chris Williams. |
| 650 #0 - SUBJECT ADDED ENTRY--TOPICAL TERM | |
| Topical term or geographic name as entry element | Municipal government |
| General subdivision | Corrupt practices |
| Geographic subdivision | Great Britain |
| General subdivision | History. |
| 9 (RLIN) | 14415 |
| 650 #0 - SUBJECT ADDED ENTRY--TOPICAL TERM | |
| Topical term or geographic name as entry element | Local government |
| General subdivision | Corrupt practices |
| Geographic subdivision | Great Britain |
| General subdivision | History. |
| 9 (RLIN) | 14416 |
| 650 #0 - SUBJECT ADDED ENTRY--TOPICAL TERM | |
| Topical term or geographic name as entry element | Political corruption |
| Geographic subdivision | Great Britain |
| General subdivision | History. |
| 9 (RLIN) | 14417 |
| 700 1# - ADDED ENTRY--PERSONAL NAME | |
| Personal name | Moore, James R., |
| Dates associated with a name | 1972- |
| 9 (RLIN) | 14418 |
| 700 1# - ADDED ENTRY--PERSONAL NAME | |
| Personal name | Smith, John, |
| Dates associated with a name | 1973- |
| 9 (RLIN) | 14419 |
| 856 41 - ELECTRONIC LOCATION AND ACCESS | |
| Materials specified | Table of contents only |
| Uniform Resource Identifier | <a href="http://www.loc.gov/catdir/toc/ecip072/2006032260.html">http://www.loc.gov/catdir/toc/ecip072/2006032260.html</a> |
| 942 ## - ADDED ENTRY ELEMENTS (KOHA) | |
| Source of classification or shelving scheme | Dewey Decimal Classification |
| Item type | Book - Borrowing |
| Withdrawn status | Item status | Source of classification or shelving scheme | Damaged status | Not for loan | Vendor | Home library | Current library | Shelving location | Date acquired | Source of acquisition | Cost, normal purchase price | Serial Enumeration / chronology | Total Checkouts | Total Renewals | Full call number | Barcode | Date last seen | Date last borrowed | Koha item type |
|---|---|---|---|---|---|---|---|---|---|---|---|---|---|---|---|---|---|---|---|
| Dewey Decimal Classification | Baccah | Central Library | Central Library | First floor | 30/05/2010 | 650.00 | 10315 | 3 | 3 | 364.13230941 COR | 000020878 | 15/07/2025 | 05/12/2012 | Book - Borrowing |